000 00526nam a2200181 a 4500
008 951121s1975||||[C 0 slo c
040 _aSNK
_bslo
_cSNK
_eAACR2
041 1 _aslo
_heng
044 _axo
_cSK
080 _a794.1(035)
100 1 _4aut
245 1 0 _aPravidlá šachu
_cRudolf Blaho, Jozef Soršák, Bedrich Formánek ; Rudolf Blaho, Jozef Soršák, Bedrich Formánek
260 _aBratislava
_bŠport
_c1975
_eBratislava
_fSOU polygrafické
300 _bTb.
490 0 _aPravidlá
020 _c3
958 _aA
999 _c18828
_d18828